Lyrics to 'Llamada Perdida' by Morat - Statistics

General Stats
  • This quiz has been taken 38 times
  • The average score is 217 of 224
Answer Stats
Answer % Correct
a
100%
aguantarme
100%
bar
100%
cansé
100%
Cinco
100%
¿Cómo
100%
como
100%
de
100%
despiertes
100%
doler
100%
dos
100%
el
100%
en
100%
encuentres
100%
Esa
100%
ese
100%
eso
100%
fácil
100%
fotos
100%
Hasta
100%
hasta
100%
heridas
100%
Hoy
100%
la
100%
llamada
100%
llamadas
100%
llamar
100%
mañana
100%
más
100%
me
100%
mes
100%
mirando
100%
mismo
100%
no
100%
nosotros
100%
Oh
100%
olvida
100%
olvidaste
100%
para
100%
perdida
100%
perdidas
100%
pero
100%
pierda
100%
poder
100%
por
100%
prefiero
100%
Que
100%
que
100%
Quiero
100%
recuerdo
100%
se
100%
Si
100%
siguiente
100%
sin
100%
Soy
100%
suerte
100%
tan
100%
te
100%
tomar
100%
tres
100%
tu
100%
tú?
100%
100%
tus
100%
un
100%
una
100%
va
100%
Va
100%
vas
100%
ver
100%
verte
100%
vida
100%
volver
100%
volverte
100%
Volví
100%
volvió
100%
voy
100%
Y
100%
y
100%
Ya
100%
Yo
100%
amanecer
80%
bien
80%
brindar
80%
calle
80%
cartas
80%
cuatro
80%
dormir
80%
empieza
80%
hace
80%
hotel
80%
inquietud
80%
joder
80%
llover
80%
masoquista
80%
Otro
80%
podía
80%
Porque
80%
puerta
80%
Salgo
80%
Solo
80%
viendo
80%
cóctel
60%
falta
60%
hacer
60%
resolver
60%
también
60%
No matching quizzes found
Score Distribution
Percent of People with Each Score
Percentile by Number Answered
Your Score History
You have not taken this quiz